<?xml version="1.0" encoding="UTF-8"?><?xml-stylesheet type="text/xsl" href="static/style.xsl"?><OAI-PMH xmlns="http://www.openarchives.org/OAI/2.0/" xmlns:xsi="http://www.w3.org/2001/XMLSchema-instance" xsi:schemaLocation="http://www.openarchives.org/OAI/2.0/ http://www.openarchives.org/OAI/2.0/OAI-PMH.xsd"><responseDate>2026-04-30T00:43:49Z</responseDate><request verb="GetRecord" identifier="oai:uvadoc.uva.es:10324/60324" metadataPrefix="marc">https://uvadoc.uva.es/oai/request</request><GetRecord><record><header><identifier>oai:uvadoc.uva.es:10324/60324</identifier><datestamp>2023-07-28T10:05:02Z</datestamp><setSpec>com_10324_38</setSpec><setSpec>col_10324_852</setSpec></header><metadata><record xmlns="http://www.loc.gov/MARC21/slim" xmlns:doc="http://www.lyncode.com/xoai" xmlns:xsi="http://www.w3.org/2001/XMLSchema-instance" xmlns:dcterms="http://purl.org/dc/terms/" xsi:schemaLocation="http://www.loc.gov/MARC21/slim http://www.loc.gov/standards/marcxml/schema/MARC21slim.xsd">
<leader>00925njm 22002777a 4500</leader>
<datafield tag="042" ind1=" " ind2=" ">
<subfield code="a">dc</subfield>
</datafield>
<datafield tag="720" ind1=" " ind2=" ">
<subfield code="a">Arriba Martín, Sandra de</subfield>
<subfield code="e">author</subfield>
</datafield>
<datafield tag="260" ind1=" " ind2=" ">
<subfield code="c">2023</subfield>
</datafield>
<datafield tag="520" ind1=" " ind2=" ">
<subfield code="a">La preeclampsia (PE), según las guías actuales (1)(2), se define como hipertensión arterial de nueva aparición (presión arterial sistólica ≥ 140 mmHg o presión arterial diastólica ≥ 90 mmHg, en al menos dos tomas separadas), a partir de las 20 semanas de gestación y que se acompaña de al menos una de las siguientes:&#xd;
• Proteinuria: definida por un ratio proteína/creatinina ≥ 0.3 o >300 mg de proteínas en orina de 24 horas, en ausencia de otra causa que lo justifique.&#xd;
• Disfunción orgánica materna: se puede manifestar de diversas formas; plaquetopenia, elevación de LDH superior a dos veces el límite superior de referencia, elevación de AST y/o ALT superiores a dos veces el límite superior de referencia, creatinina >1.2 mg/dL, alteración de las pruebas de coagulación, presencia de dolor epigástrico o vómitos, signos o síntomas de edema agudo de pulmón, sintomatología neurológica (cefalea, miodesopsias, fotopsias, acúfenos…).&#xd;
• Disfunción útero placentaria: crecimiento intraútero retardado (CIR) (peso estimado fetal &lt;p3 para la edad gestacional) y/o aumento de resistencia en la arteria umbilical, y/o aumento de resistencia en las arterias uterinas (índice de pulsatilidad Doppler > p95).&#xd;
Afecta al 2-7% de los embarazos y asocia gran morbimortalidad, tanto materna como fetal.</subfield>
</datafield>
<datafield tag="024" ind2=" " ind1="8">
<subfield code="a">https://uvadoc.uva.es/handle/10324/60324</subfield>
</datafield>
<datafield ind1=" " ind2=" " tag="653">
<subfield code="a">Embarazo - Complicaciones</subfield>
</datafield>
<datafield tag="245" ind1="0" ind2="0">
<subfield code="a">Presente y futuro del ratio SFLT-1/PLGF en gestaciones gemelares y preeclampsia</subfield>
</datafield>
</record></metadata></record></GetRecord></OAI-PMH>